| 000 | 01650cam a2200397 a 4500 | ||
|---|---|---|---|
| 001 | 14516724 | ||
| 003 | NUST | ||
| 005 | 20240605120130.0 | ||
| 008 | 060824s2007 nyua b 001 0 eng | ||
| 010 | _a 2006028336 | ||
| 020 | _a9780415979207 | ||
| 035 | _a(OCoLC)ocm71210195 | ||
| 035 | _a(OCoLC)71210195 | ||
| 038 | _aMalang Jan | ||
| 040 |
_aDLC _cDLC _dBAKER _dC#P _dYDX _dDLC |
||
| 043 |
_aa-ii--- _ae-uk--- |
||
| 050 | 0 | 0 |
_aDS428 _b.D85 2007 |
| 082 | 0 | 0 |
_a720.103 _222 |
| 100 | 1 |
_aDutta, Arindam. _9123270 |
|
| 245 | 1 | 4 |
_aThe bureaucracy of beauty : _bdesign in the age of its global reproducibility / _cArindam Dutta. |
| 260 |
_aNew York : _bRoutledge, _cc2007. |
||
| 300 |
_axii, 364 p. : _bill. ; _c24 cm. |
||
| 504 | _aIncludes bibliographical references (p. 321-352) and index. | ||
| 610 | 1 | 0 |
_aGreat Britain. _bDepartment of Science and Art _xHistory. _9123271 |
| 650 | 0 |
_aArchitectural design _zIndia _xHistory. _9123272 |
|
| 650 | 0 |
_aNationalism _zIndia _xHistory. _9123273 |
|
| 651 | 0 |
_aIndia _xCultural policy _xHistory. _9123274 |
|
| 651 | 0 |
_aGreat Britain _xColonies _xEconomic policy. _9123275 |
|
| 651 | 0 |
_aIndia _xColonial influence. _932817 |
|
| 856 | 4 | 1 |
_3Table of contents only _uhttp://www.loc.gov/catdir/toc/ecip0620/2006028336.html |
| 856 | 4 | 2 |
_3Publisher description _uhttp://www.loc.gov/catdir/enhancements/fy0665/2006028336-d.html |
| 906 |
_a7 _bcbc _corignew _d1 _eecip _f20 _gy-gencatlg |
||
| 942 |
_2ddc _cBK |
||
| 999 |
_c609507 _d609507 |
||